[Event "GBR-ch75"]
[Site "Blackpool"]
[Date "1988.08.06"]
[Round "6.13"]
[White "King, Daniel J"]
[Black "Burgess, Graham"]
[Result "0-1"]
[WhiteElo "2520"]
[BlackElo "2250"]
[PlyCount "80"]
[EventDate "1988.08.01"]
[EventType "swiss"]
[EventRounds "11"]
[EventCountry "GBR"]
[SourceTitle "BritBase12Sep20"]
[Source "John Saunders"]
[SourceDate "2020.09.12"]
[SourceVersion "1"]
[SourceVersionDate "2020.09.12"]
[SourceQuality "1"]

1. e4 g6 2. d4 Bg7 3. c3 d6 4. Nf3 Nf6 5. Bd3 O-O 6. O-O Nc6 7. Bg5 h6 8. Bh4
e5 9. dxe5 Nxe5 10. Nxe5 dxe5 11. Na3 Qe8 12. Qb3 Nh5 13. Rfd1 Bf6 14. Bxf6
Nxf6 15. Nc4 Qe7 16. a4 Be6 17. a5 Rab8 18. Qc2 Nxe4 19. Nxe5 Nc5 20. Bc4 Bxc4
21. Nxc4 Rfe8 22. b4 Qe6 23. Nd2 Nd7 24. Nf3 Ne5 25. Qe4 Nxf3+ 26. Qxf3 Qe2 27.
Qf4 Rbd8 28. Rxd8 Rxd8 29. h3 Qb2 30. Re1 c5 31. Qc7 Qd2 32. Re7 cxb4 33. cxb4
Rf8 34. Qc5 b6 35. axb6 axb6 36. Qxb6 Ra8 37. g3 Ra1+ 38. Kh2 Qd5 39. g4 Rh1+
40. Kg3 Rg1+ 0-1

[Event "GBR-ch75"]
[Site "Blackpool"]
[Date "1988.08.06"]
[Round "6.14"]
[White "Hebden, Mark L"]
[Black "Hempson, Peter W"]
[Result "0-1"]
[WhiteElo "2460"]
[BlackElo "2225"]
[PlyCount "100"]
[EventDate "1988.08.01"]
[EventType "swiss"]
[EventRounds "11"]
[EventCountry "GBR"]
[SourceTitle "BritBase12Sep20"]
[Source "John Saunders"]
[SourceDate "2020.09.12"]
[SourceVersion "1"]
[SourceVersionDate "2020.09.12"]
[SourceQuality "1"]

1. d4 d5 2. c4 e6 3. Nc3 Nf6 4. Bg5 Be7 5. e3 O-O 6. Nf3 h6 7. Bh4 Ne4 8. Bxe7
Qxe7 9. Rc1 Nxc3 10. Rxc3 c6 11. Be2 Nd7 12. Rc1 Re8 13. O-O dxc4 14. Bxc4 e5
15. dxe5 Nxe5 16. Nxe5 Qxe5 17. Qb3 Re7 18. Rfd1 Be6 19. Bxe6 Qxe6 20. Qxe6
Rxe6 21. Rd7 Rb8 22. b4 Kf8 23. b5 Re7 24. bxc6 bxc6 25. Rd2 Rc7 26. h4 Ke7 27.
Rc4 f6 28. a4 c5 29. Rd5 Rb1+ 30. Kh2 Rb4 31. Rxb4 cxb4 32. Rb5 a5 33. Kg3 Kd6
34. Rxa5 Rb7 35. e4 b3 36. Rd5+ Kc6 37. Rd1 Kc5 38. a5 Kc4 39. a6 Ra7 40. Rd6
b2 41. Rb6 Kc3 42. Kf4 Rxa6 43. Rxa6 b1=Q 44. Ra3+ Kc4 45. Re3 Qb8+ 46. Kf3 Kd4
47. g3 Qb1 48. Ke2 Qh1 49. Kd2 Qf1 50. Re2 h5 0-1

[Event "GBR-ch75"]
[Site "Blackpool"]
[Date "1988.08.06"]
[Round "6.15"]
[White "Knox, Victor W"]
[Black "Gallagher, Joseph G"]
[Result "1-0"]
[WhiteElo "2315"]
[BlackElo "2445"]
[PlyCount "103"]
[EventDate "1988.08.01"]
[EventType "swiss"]
[EventRounds "11"]
[EventCountry "GBR"]
[SourceTitle "BritBase12Sep20"]
[Source "John Saunders"]
[SourceDate "2020.09.12"]
[SourceVersion "1"]
[SourceVersionDate "2020.09.12"]
[SourceQuality "1"]

1. e4 c5 2. Nf3 d6 3. d4 cxd4 4. Nxd4 Nf6 5. Nc3 a6 6. Be2 e5 7. Nb3 Be7 8. O-O
Be6 9. f4 Qc7 10. f5 Bc4 11. Bxc4 Qxc4 12. Qf3 Nbd7 13. Be3 O-O 14. g4 d5 15.
Nd2 Qb4 16. Nxd5 Nxd5 17. exd5 Qxb2 18. Rab1 Qxc2 19. Rfc1 Qxa2 20. Rxb7 Bc5
21. Rxd7 Bxe3+ 22. Qxe3 Qa4 23. Re7 Qxg4+ 24. Kh1 Qxf5 25. Rf1 Qc2 26. Rxe5
Rad8 27. Rg1 Rd6 28. Ne4 Rg6 29. Reg5 Rxg5 30. Nxg5 h6 31. Qe4 Qxe4+ 32. Nxe4
Rd8 33. Rd1 f5 34. Nc5 Kf7 35. d6 a5 36. Nb7 Rd7 37. Nxa5 Ke6 38. Nc4 Rd8 39.
Kg2 g5 40. Rd2 h5 41. Kf3 h4 42. Ke3 Rd7 43. Kd4 h3 44. Re2+ Kf6 45. Kd5 g4 46.
Ne5 Rd8 47. d7 Rxd7+ 48. Nxd7+ Kg5 49. Ne5 Kh4 50. Ng6+ Kg5 51. Ke5 Kxg6 52.
Kf4 1-0

[Event "GBR-ch75"]
[Site "Blackpool"]
[Date "1988.08.06"]
[Round "6.18"]
[White "Bell, Stephen"]
[Black "Dunnington, Angus J"]
[Result "1-0"]
[WhiteElo "2380"]
[BlackElo "2280"]
[PlyCount "47"]
[EventDate "1988.08.01"]
[EventType "swiss"]
[EventRounds "11"]
[EventCountry "GBR"]
[SourceTitle "BritBase12Sep20"]
[Source "John Saunders"]
[SourceDate "2020.09.12"]
[SourceVersion "1"]
[SourceVersionDate "2020.09.12"]
[SourceQuality "1"]

1. d4 d5 2. Nf3 Nf6 3. Bf4 c5 4. c3 Nc6 5. dxc5 a5 6. Na3 Nh5 7. Bc1 e5 8. e4
Nf6 9. exd5 Nxd5 10. Bc4 Be6 11. Ng5 Bxc5 12. O-O Bxa3 13. Nxe6 fxe6 14. bxa3
O-O 15. Qg4 Qf6 16. Rb1 Rac8 17. Rb2 Kh8 18. Bd3 Qf7 19. Qh3 Nf6 20. Re2 Rcd8
21. Bg5 Rd6 22. Bc2 Kg8 23. f4 exf4 24. Rxf4 1-0

[Event "GBR-ch75"]
[Site "Blackpool"]
[Date "1988.08.06"]
[Round "6.19"]
[White "Bellin, Jana"]
[Black "Crawley, Gavin"]
[Result "1/2-1/2"]
[WhiteElo "2300"]
[BlackElo "2380"]
[PlyCount "98"]
[EventDate "1988.08.01"]
[EventType "swiss"]
[EventRounds "11"]
[EventCountry "GBR"]
[SourceTitle "BritBase12Sep20"]
[Source "John Saunders"]
[SourceDate "2020.09.12"]
[SourceVersion "1"]
[SourceVersionDate "2020.09.12"]
[SourceQuality "1"]

1. d4 Nf6 2. Nf3 e6 3. e3 c5 4. Bd3 Nc6 5. O-O d5 6. b3 Bd6 7. Bb2 O-O 8. Nbd2
cxd4 9. exd4 Qc7 10. a3 Bd7 11. Re1 Bf4 12. Nf1 Rac8 13. g3 Bh6 14. Ne3 Rfd8
15. Ne5 g6 16. N5g4 Nxg4 17. Nxg4 Bg7 18. Qf3 f5 19. Ne5 Nxe5 20. dxe5 Qb6 21.
a4 Qb4 22. Qe3 Bf8 23. Qd4 Qa5 24. Rad1 Bc5 25. Qf4 b5 26. axb5 Bxb5 27. Ra1
Qb6 28. b4 Bxd3 29. bxc5 Qxb2 30. cxd3 a5 31. Rxa5 Qc3 32. Rea1 Rxc5 33. Ra7
Rdc8 34. Qh4 R5c7 35. Qf6 Qc6 36. R7a6 Qd7 37. Rxe6 Rf8 38. Rd6 Rxf6 39. Rxd7
Rxd7 40. exf6 Kf7 41. Ra6 g5 42. h3 d4 43. g4 h5 44. gxh5 Rd8 45. h6 Kg6 46.
Kg2 Kxh6 47. Kf3 Kg6 48. h4 gxh4 49. Kf4 Rh8 1/2-1/2

[Event "GBR-ch75"]
[Site "Blackpool"]
[Date "1988.08.06"]
[Round "6.23"]
[White "Pein, Malcolm"]
[Black "Carr, Neil L"]
[Result "1/2-1/2"]
[WhiteElo "2410"]
[BlackElo "2290"]
[PlyCount "93"]
[EventDate "1988.08.01"]
[EventType "swiss"]
[EventRounds "11"]
[EventCountry "GBR"]
[SourceTitle "BritBase12Sep20"]
[Source "John Saunders"]
[SourceDate "2020.09.12"]
[SourceVersion "1"]
[SourceVersionDate "2020.09.12"]
[SourceQuality "1"]

1. d4 g6 2. e4 Bg7 3. Nf3 d6 4. Nc3 Bg4 5. Be2 Nf6 6. O-O O-O 7. Be3 Nc6 8. d5
Bxf3 9. Bxf3 Nb8 10. a4 a5 11. Re1 Nbd7 12. Ra3 e5 13. dxe6 fxe6 14. Rb3 Rb8
15. Ba7 Ra8 16. Be3 Rb8 17. Ba7 Ra8 18. Bd4 e5 19. Be3 b6 20. Be2 Nc5 21. Ra3
c6 22. Bc4+ Kh8 23. Bxc5 bxc5 24. Re3 Nh5 25. g3 Qf6 26. Qe2 Bh6 27. Rd3 Rab8
28. Nd1 Ng7 29. Rf3 Qe7 30. Rxf8+ Rxf8 31. Rf3 Rd8 32. Rf7 Qe8 33. Rc7 d5 34.
exd5 cxd5 35. Bb5 Qe6 36. Rxc5 Nf5 37. c3 e4 38. Ne3 Nxe3 39. fxe3 Rf8 40. Qd2
Qf5 41. Rc7 Rf6 42. Rd7 Qf3 43. Rd8+ Kg7 44. Rd7+ Kh8 45. Rd8+ Kg7 46. Rd7+ Kh8
47. Rd8+ 1/2-1/2

[Event "GBR-ch75"]
[Site "Blackpool"]
[Date "1988.08.06"]
[Round "6.24"]
[White "McDonald, Neil R"]
[Black "Upton, Timothy J"]
[Result "1-0"]
[WhiteElo "2360"]
[BlackElo "2265"]
[PlyCount "73"]
[EventDate "1988.08.01"]
[EventType "swiss"]
[EventRounds "11"]
[EventCountry "GBR"]
[SourceTitle "BritBase12Sep20"]
[Source "John Saunders"]
[SourceDate "2020.09.12"]
[SourceVersion "1"]
[SourceVersionDate "2020.09.12"]
[SourceQuality "1"]

1. Nf3 d5 2. g3 Nf6 3. Bg2 e6 4. b3 Be7 5. Bb2 c5 6. O-O O-O 7. c4 b6 8. cxd5
Nxd5 9. d4 Bb7 10. Nbd2 Nc6 11. Nc4 Rc8 12. e4 Nf6 13. e5 Nd5 14. dxc5 Bxc5 15.
Nfd2 b5 16. Ne4 Bxf2+ 17. Rxf2 bxc4 18. bxc4 Ne3 19. Qxd8 Rcxd8 20. Nd6 Ba8 21.
Bxc6 Bxc6 22. Re1 Nf5 23. Nxf5 exf5 24. Rxf5 Rd2 25. Rf2 Rfd8 26. Bc3 Rd1 27.
Rb2 h6 28. Kf2 Kh7 29. Rxd1 Rxd1 30. Ke3 Rc1 31. Kd4 Kg6 32. Bd2 Rh1 33. Kc5
Bf3 34. Kd6 Kf5 35. c5 Rxh2 36. c6 Bg4 37. e6 1-0

[Event "GBR-ch75"]
[Site "Blackpool"]
[Date "1988.08.06"]
[Round "6.25"]
[White "Hennigan, Michael"]
[Black "Rossiter, Philip J"]
[Result "1-0"]
[WhiteElo "2295"]
[BlackElo "2335"]
[PlyCount "79"]
[EventDate "1988.08.01"]
[EventType "swiss"]
[EventRounds "11"]
[EventCountry "GBR"]
[SourceTitle "BritBase12Sep20"]
[Source "John Saunders"]
[SourceDate "2020.09.12"]
[SourceVersion "1"]
[SourceVersionDate "2020.09.12"]
[SourceQuality "1"]

1. e4 c5 2. Nf3 e6 3. d4 cxd4 4. Nxd4 Nf6 5. Nc3 d6 6. Be3 Be7 7. f3 Nc6 8. Qd2
O-O 9. g4 d5 10. g5 Nd7 11. exd5 Nxd4 12. Qxd4 Bxg5 13. O-O-O exd5 14. Nxd5 Nb6
15. Bxg5 Qxg5+ 16. f4 Qxd5 17. Qxd5 Nxd5 18. Rxd5 Be6 19. Rd4 Rfd8 20. Rxd8+
Rxd8 21. Bg2 b6 22. Rd1 Rc8 23. Bb7 Re8 24. Bc6 Rc8 25. Bd7 Rc4 26. Bb5 Rc8 27.
Bd7 Rc4 28. Bb5 Rc8 29. b3 h5 30. Bd7 Rc5 31. Bxe6 fxe6 32. Rd7 Rf5 33. Rxa7
Rxf4 34. Rb7 Rh4 35. Rxb6 Rxh2 36. a4 Rf2 37. a5 Rf8 38. a6 Kf7 39. Rd6 Ke7 40.
Rd4 1-0

[Event "GBR-ch75"]
[Site "Blackpool"]
[Date "1988.08.06"]
[Round "6.27"]
[White "Jackson, Sheila"]
[Black "Ward, Christopher"]
[Result "1/2-1/2"]
[WhiteElo "2245"]
[BlackElo "2325"]
[PlyCount "54"]
[EventDate "1988.08.01"]
[EventType "swiss"]
[EventRounds "11"]
[EventCountry "GBR"]
[SourceTitle "BritBase12Sep20"]
[Source "John Saunders"]
[SourceDate "2020.09.12"]
[SourceVersion "1"]
[SourceVersionDate "2020.09.12"]
[SourceQuality "1"]

1. e4 c5 2. Nf3 d6 3. d4 cxd4 4. Nxd4 Nf6 5. Nc3 g6 6. Be2 Bg7 7. O-O O-O 8.
Be3 Nc6 9. Qd2 Ng4 10. Bxg4 Bxg4 11. f4 Nxd4 12. Bxd4 e5 13. Be3 exf4 14. Rxf4
Be6 15. Rf2 Rc8 16. Bd4 Be5 17. Rd1 a6 18. a3 Qe7 19. Bxe5 dxe5 20. Qe3 Rfd8
21. Rfd2 Rxd2 22. Rxd2 Kg7 23. g3 h5 24. h4 Rc6 25. Nd5 Qc5 26. Qxc5 Rxc5 27.
Nc3 Rc7 1/2-1/2

[Event "GBR-ch75"]
[Site "Blackpool"]
[Date "1988.08.06"]
[Round "6.30"]
[White "Quillan, Gary"]
[Black "Large, Peter G"]
[Result "1-0"]
[WhiteElo "2255"]
[BlackElo "2360"]
[PlyCount "85"]
[EventDate "1988.08.01"]
[EventType "swiss"]
[EventRounds "11"]
[EventCountry "GBR"]
[SourceTitle "BritBase12Sep20"]
[Source "John Saunders"]
[SourceDate "2020.09.12"]
[SourceVersion "1"]
[SourceVersionDate "2020.09.12"]
[SourceQuality "1"]

1. e4 c5 2. Nf3 d6 3. Bb5+ Nd7 4. d4 Ngf6 5. Nc3 cxd4 6. Qxd4 e5 7. Qd3 h6 8.
h3 Be7 9. Be3 Qc7 10. g4 a6 11. Bxd7+ Bxd7 12. O-O-O Be6 13. Nd2 Rc8 14. g5
hxg5 15. Bxg5 Qc6 16. Rdg1 b5 17. Bxf6 Bxf6 18. Nd5 Qc5 19. Kb1 Rh7 20. Nb3
Qxf2 21. Rf1 Qh4 22. Na5 Be7 23. Qe3 Rc5 24. Nb4 Qh6 25. Qf3 Qd2 26. c3 Rh4 27.
Nxa6 Rf4 28. Qe3 Bh4 29. Qg1 Rxc3 30. Rxf4 exf4 31. Nb4 Rc5 32. a3 Bf6 33. Rh2
Qe3 34. Qd1 Qxe4+ 35. Ka1 Kd7 36. Rd2 Be5 37. Rd3 Bc4 38. Nxc4 Rxc4 39. Qg4+ f5
40. Qg6 Qh1+ 41. Ka2 Qb7 42. Qf7+ Kc8 43. Qe8+ 1-0

[Event "GBR-ch75"]
[Site "Blackpool"]
[Date "1988.08.08"]
[Round "7.1"]
[White "Flear, Glenn C"]
[Black "Chandler, Murray G"]
[Result "1/2-1/2"]
[WhiteElo "2470"]
[BlackElo "2605"]
[PlyCount "164"]
[EventDate "1988.08.01"]
[EventType "swiss"]
[EventRounds "11"]
[EventCountry "GBR"]
[SourceTitle "BritBase12Sep20"]
[Source "John Saunders"]
[SourceDate "2020.09.12"]
[SourceVersion "1"]
[SourceVersionDate "2020.09.12"]
[SourceQuality "1"]

1. d4 Nf6 2. c4 e6 3. Nf3 Bb4+ 4. Nbd2 O-O 5. a3 Be7 6. e4 d5 7. e5 Nfd7 8.
cxd5 exd5 9. Bd3 c5 10. O-O Nc6 11. Re1 a5 12. Nf1 cxd4 13. Bc2 f6 14. exf6
Bxf6 15. Ng3 Nc5 16. h3 g6 17. Bh6 Re8 18. Rxe8+ Qxe8 19. Rb1 a4 20. Ne2 Ne6
21. Bxa4 g5 22. Bb3 Qg6 23. Bxd5 Kh8 24. Rc1 Qxh6 25. Bxc6 bxc6 26. Nfxd4 Nxd4
27. Nxd4 g4 28. Rxc6 Qg7 29. Ne6 Bxe6 30. Rxe6 gxh3 31. Qf3 Rf8 32. Qxh3 Bxb2
33. Re3 Qd4 34. Qh5 Qd7 35. Rf3 Qd1+ 36. Kh2 Qd6+ 37. g3 Rg8 38. Rf7 Qg6 39.
Qf3 Bg7 40. Kg2 Re8 41. a4 h6 42. Ra7 Re1 43. Ra8+ Kh7 44. Ra5 Ra1 45. Qf5 Qxf5
46. Rxf5 Rxa4 47. Rf4 Ra2 48. Rg4 Be5 49. Re4 Bd6 50. Kf3 Bc5 51. Re2 Ra6 52.
Rc2 Rf6+ 53. Kg2 Bb6 54. Re2 Kg6 55. Kf1 Kf5 56. Kg2 Bd4 57. Kf3 Rb6 58. Kg2
Rb3 59. Kh3 h5 60. Kg2 Rb6 61. Kf3 Ra6 62. Kg2 Ra4 63. Kf3 Be5 64. Kg2 Ra8 65.
Kf3 Ke6 66. Re4 Kf5 67. Re2 Ra4 68. Kg2 Bd4 69. Kf3 Ba7 70. Kg2 Kg4 71. Re4+
Rxe4 72. f3+ Kf5 73. fxe4+ Kg4 74. e5 Bb8 75. e6 Bd6 76. e7 Bxe7 77. Kh1 Bd6
78. Kg2 Bc7 79. Kh1 Kf3 80. Kg1 Bd6 81. Kh1 Kf2 82. g4 hxg4 1/2-1/2

[Event "GBR-ch75"]
[Site "Blackpool"]
[Date "1988.07.08"]
[Round "7.2"]
[White "Hodgson, Julian M"]
[Black "Mestel, A Jonathan"]
[Result "0-1"]
[WhiteElo "2525"]
[BlackElo "2510"]
[PlyCount "80"]
[EventDate "1988.08.01"]
[EventType "swiss"]
[EventRounds "11"]
[EventCountry "GBR"]
[SourceTitle "BritBase12Sep20"]
[Source "John Saunders"]
[SourceDate "2020.09.12"]
[SourceVersion "1"]
[SourceVersionDate "2020.09.12"]
[SourceQuality "1"]

1. d4 Nf6 2. Nf3 g6 3. Bg5 Bg7 4. Nbd2 d5 5. e3 Nbd7 6. Bd3 c6 7. O-O O-O 8. h3
Qb6 9. Rb1 Re8 10. c4 e5 11. Bxf6 Bxf6 12. cxd5 cxd5 13. dxe5 Nxe5 14. Nxe5
Bxe5 15. Qa4 Be6 16. Nf3 Bg7 17. Rfd1 Red8 18. Nd4 Bxd4 19. Qxd4 Qxd4 20. exd4
Rac8 21. Rbc1 h5 22. h4 Kg7 23. f3 Kf6 24. Kf2 Bf5 25. Bb5 Ke7 26. Ke3 Kd6 27.
Kf4 f6 28. Rxc8 Rxc8 29. g4 hxg4 30. fxg4 Be4 31. Bd3 Rh8 32. Kg3 f5 33. Bxe4
dxe4 34. d5 fxg4 35. Kxg4 Rh5 36. Rf1 Rf5 37. Rc1 Kxd5 38. Rc7 e3 39. Rd7+ Ke4
40. Rxb7 e2 0-1

[Event "GBR-ch75"]
[Site "Blackpool"]
[Date "1988.08.08"]
[Round "7.3"]
[White "Watson, William N"]
[Black "Murshed, Niaz"]
[Result "0-1"]
[WhiteElo "2500"]
[BlackElo "2475"]
[PlyCount "68"]
[EventDate "1988.08.01"]
[EventType "swiss"]
[EventRounds "11"]
[EventCountry "GBR"]
[SourceTitle "BritBase12Sep20"]
[Source "John Saunders"]
[SourceDate "2020.09.12"]
[SourceVersion "1"]
[SourceVersionDate "2020.09.12"]
[SourceQuality "1"]

1. e4 Nf6 2. Nc3 d6 3. d4 g6 4. Nf3 Bg7 5. Bg5 c6 6. Qd2 Bg4 7. Qf4 Bxf3 8.
Qxf3 Qa5 9. h4 h6 10. Bf4 Nbd7 11. O-O-O e5 12. dxe5 Nxe5 13. Qe2 O-O-O 14. Qd2
Nfd7 15. Kb1 Nc5 16. Be2 b5 17. a3 Nc4 18. Bxc4 bxc4 19. f3 Rd7 20. Ka2 Rb7 21.
Rb1 Rd8 22. Bxh6 Rxb2+ 23. Rxb2 Bxc3 24. Qc1 Na4 25. Rb1 d5 26. Bf4 Bb2 27. Qe1
c3 28. Bc1 Qc5 29. Rxb2 cxb2 30. Bxb2 Nxb2 31. Kxb2 Rd7 32. Qd2 dxe4 33. Qe2
Rb7+ 34. Ka2 Qb6 0-1

[Event "GBR-ch75"]
[Site "Blackpool"]
[Date "1988.08.08"]
[Round "7.4"]
[White "Adams, Michael"]
[Black "Conquest, Stuart"]
[Result "0-1"]
[WhiteElo "2460"]
[BlackElo "2490"]
[PlyCount "76"]
[EventDate "1988.08.01"]
[EventType "swiss"]
[EventRounds "11"]
[EventCountry "GBR"]
[SourceTitle "BritBase12Sep20"]
[Source "John Saunders"]
[SourceDate "2020.09.12"]
[SourceVersion "1"]
[SourceVersionDate "2020.09.12"]
[SourceQuality "1"]

1. e4 e5 2. Nf3 Nc6 3. Bb5 a6 4. Ba4 Nf6 5. O-O Be7 6. Re1 b5 7. Bb3 O-O 8. a4
Bb7 9. d3 Re8 10. Nc3 b4 11. Nd5 Na5 12. Nxe7+ Qxe7 13. Ba2 d5 14. exd5 Qd6 15.
Bd2 Bxd5 16. Bxd5 Nxd5 17. Qe2 c5 18. Ng5 Qg6 19. Qf3 Rad8 20. h4 Nc6 21. h5
Qf6 22. Qe4 g6 23. Qc4 Nd4 24. Ne4 Qf5 25. Ng3 Qd7 26. Bg5 Rc8 27. Ne4 Rc6 28.
Nxc5 Rxc5 29. Qxc5 Ne6 30. Qc4 Nxg5 31. Rac1 Nf4 32. Re3 Qg4 33. Qc6 Rc8 34.
Qb7 e4 35. g3 Nf3+ 36. Rxf3 exf3 37. hxg6 Ne2+ 38. Kf1 Qh3+ 0-1

[Event "GBR-ch75"]
[Site "Blackpool"]
[Date "1988.08.08"]
[Round "7.5"]
[White "Arkell, Keith C"]
[Black "Rogers, Ian"]
[Result "1/2-1/2"]
[WhiteElo "2430"]
[BlackElo "2535"]
[PlyCount "101"]
[EventDate "1988.08.01"]
[EventType "swiss"]
[EventRounds "11"]
[EventCountry "GBR"]
[SourceTitle "BritBase12Sep20"]
[Source "John Saunders"]
[SourceDate "2020.09.12"]
[SourceVersion "1"]
[SourceVersionDate "2020.09.12"]
[SourceQuality "1"]

1. d4 Nf6 2. Nf3 d5 3. c4 e6 4. cxd5 exd5 5. Nc3 c6 6. Bg5 Be7 7. Qc2 g6 8. e3
Bf5 9. Bd3 Bxd3 10. Qxd3 O-O 11. O-O Nbd7 12. Rab1 a5 13. a3 a4 14. Qc2 b5 15.
Rfe1 Rc8 16. e4 dxe4 17. Nxe4 Nxe4 18. Bxe7 Qxe7 19. Rxe4 Qd6 20. Rbe1 c5 21.
dxc5 Nxc5 22. Rd4 Nb3 23. Qxc8 Nxd4 24. Qc3 Nxf3+ 25. Qxf3 Qd2 26. Qe2 Rd8 27.
g3 h5 28. h4 Qxe2 29. Rxe2 Rd3 30. Kf1 Rb3 31. Kg2 Kg7 32. f3 Kf6 33. Kf2 Kf5
34. Kg2 f6 35. Kf2 g5 36. Kg2 b4 37. axb4 Rxb4 38. hxg5 fxg5 39. Rc2 g4 40. Re2
Rb3 41. f4 Kf6 42. Kf2 Rd3 43. Re4 Rd2+ 44. Kg1 h4 45. gxh4 Kf5 46. Rxa4 g3 47.
Ra1 Kg4 48. Rb1 Kh3 49. b4 Rg2+ 50. Kh1 Rh2+ 51. Kg1 1/2-1/2

[Event "GBR-ch75"]
[Site "Blackpool"]
[Date "1988.08.08"]
[Round "7.6"]
[White "Lane, Gary William"]
[Black "Norwood, David"]
[Result "0-1"]
[WhiteElo "2410"]
[BlackElo "2470"]
[PlyCount "80"]
[EventDate "1988.08.01"]
[EventType "swiss"]
[EventRounds "11"]
[EventCountry "GBR"]
[SourceTitle "BritBase12Sep20"]
[Source "John Saunders"]
[SourceDate "2020.09.12"]
[SourceVersion "1"]
[SourceVersionDate "2020.09.12"]
[SourceQuality "1"]

1. e4 g6 2. d4 Bg7 3. Nc3 d6 4. Be3 Nf6 5. Qd2 O-O 6. f3 e5 7. Nge2 Nc6 8.
O-O-O a6 9. h4 b5 10. d5 Ne7 11. h5 b4 12. Nb1 gxh5 13. Ng3 Ng6 14. Bg5 h4 15.
Ne2 a5 16. g3 Qe8 17. gxh4 Nh5 18. Bh6 f6 19. c4 c6 20. dxc6 Qxc6 21. b3 Rd8
22. Rg1 Be6 23. Ng3 Nxg3 24. Rxg3 d5 25. exd5 Rxd5 26. Qe3 Rxd1+ 27. Kxd1 f5
28. Qg5 f4 29. Rg1 Bxh6 30. Qxh6 Qxf3+ 31. Be2 Qe4 32. Nd2 Rd8 33. Ke1 Rxd2 34.
Rxg6+ Qxg6 35. Qxg6+ hxg6 36. Kxd2 e4 37. c5 Kf7 38. h5 gxh5 39. Bxh5+ Kf6 40.
c6 Ke5 0-1

[Event "GBR-ch75"]
[Site "Blackpool"]
[Date "1988.08.08"]
[Round "7.7"]
[White "McNab, Colin Anderson"]
[Black "Motwani, Paul"]
[Result "1/2-1/2"]
[WhiteElo "2410"]
[BlackElo "2455"]
[PlyCount "25"]
[EventDate "1988.08.01"]
[EventType "swiss"]
[EventRounds "11"]
[EventCountry "GBR"]
[SourceTitle "BritBase12Sep20"]
[Source "John Saunders"]
[SourceDate "2020.09.12"]
[SourceVersion "1"]
[SourceVersionDate "2020.09.12"]
[SourceQuality "1"]

1. c4 e5 2. Nc3 Nf6 3. Nf3 Nc6 4. g3 Bb4 5. Nd5 e4 6. Nh4 d6 7. Nxb4 Nxb4 8. a3
Nc6 9. d3 O-O 10. Bg2 Re8 11. O-O h6 12. dxe4 Nxe4 13. Be3 1/2-1/2

[Event "GBR-ch75"]
[Site "Blackpool"]
[Date "1988.08.08"]
[Round "7.8"]
[White "Bellin, Robert"]
[Black "Plaskett, H James"]
[Result "1/2-1/2"]
[WhiteElo "2370"]
[BlackElo "2450"]
[PlyCount "129"]
[EventDate "1988.08.01"]
[EventType "swiss"]
[EventRounds "11"]
[EventCountry "GBR"]
[SourceTitle "BritBase12Sep20"]
[Source "John Saunders"]
[SourceDate "2020.09.12"]
[SourceVersion "1"]
[SourceVersionDate "2020.09.12"]
[SourceQuality "1"]

1. e4 c5 2. Nf3 Nc6 3. Bb5 Qb6 4. Nc3 e6 5. O-O Nge7 6. b3 Nd4 7. a4 a6 8. Bd3
Nec6 9. Nxd4 Nxd4 10. Bb2 d6 11. Re1 Nc6 12. Re3 Bd7 13. Bf1 Be7 14. a5 Qc7 15.
Na4 Qxa5 16. Bxg7 Rg8 17. Bc3 Qc7 18. Qh5 h6 19. Rg3 Rxg3 20. hxg3 Bf8 21. Nb2
Nd4 22. Bd3 Bg7 23. Re1 b5 24. Nd1 Bc6 25. Qg4 Kf8 26. Ne3 a5 27. Qh4 a4 28.
Ng4 Qe7 29. Qxe7+ Kxe7 30. bxa4 Rxa4 31. e5 d5 32. f4 Nf5 33. Kh2 d4 34. Bb2
Ra2 35. Rb1 h5 36. Nf2 f6 37. exf6+ Bxf6 38. Be4 Bd5 39. Bxd5 exd5 40. g4 Bh4
41. Nd3 hxg4 42. Nxc5 Bg3+ 43. Kg1 Bxf4 44. Nb3 Nd6 45. g3 Bxg3 46. Nxd4 Ne4
47. Nxb5 Nxd2 48. Nc3 Ra5 49. Rd1 Bf4 50. Bc1 Nf3+ 51. Kf2 Bxc1 52. Rxc1 Ke6
53. Ne2 Ra4 54. c3 Kf5 55. Ke3 Ke5 56. Rh1 Ng5 57. Rh5 Re4+ 58. Kd3 Kf6 59.
Rh6+ Kg7 60. Rd6 Re5 61. Nf4 Nh3 62. Ng2 g3 63. c4 Rf5 64. Rxd5 Rf2 65. Rh5
1/2-1/2

[Event "GBR-ch75"]
[Site "Blackpool"]
[Date "1988.08.08"]
[Round "7.9"]
[White "Pritchett, Craig William"]
[Black "Pigott, John C"]
[Result "0-1"]
[WhiteElo "2400"]
[BlackElo "2365"]
[PlyCount "76"]
[EventDate "1988.08.01"]
[EventType "swiss"]
[EventRounds "11"]
[EventCountry "GBR"]
[SourceTitle "BritBase12Sep20"]
[Source "John Saunders"]
[SourceDate "2020.09.12"]
[SourceVersion "1"]
[SourceVersionDate "2020.09.12"]
[SourceQuality "1"]

1. e4 c5 2. Nf3 d6 3. d4 cxd4 4. Nxd4 Nf6 5. Nc3 a6 6. Be2 e6 7. O-O Be7 8. f4
Qc7 9. Kh1 O-O 10. a4 Nc6 11. Be3 Re8 12. Bd3 Nb4 13. a5 Bd7 14. Nb3 Bc6 15.
Bb6 Qd7 16. Qe2 Nxd3 17. cxd3 e5 18. fxe5 dxe5 19. Nd2 Qe6 20. Nc4 Nd7 21. Bg1
Rad8 22. Ne3 Bc5 23. Ned5 Bxg1 24. Kxg1 Rf8 25. b4 g6 26. h3 Kh8 27. Rae1 f5
28. Kh2 f4 29. Qb2 Nf6 30. Nxf6 Qxf6 31. Rf3 g5 32. b5 axb5 33. Nxb5 Rfe8 34.
Nc7 Re7 35. Qb6 g4 36. Rff1 Qh4 37. Nd5 Rg7 38. Qc5 Rdg8 0-1

[Event "GBR-ch75"]
[Site "Blackpool"]
[Date "1988.08.08"]
[Round "7.10"]
[White "Anand, Viswanathan"]
[Black "Bell, Stephen"]
[Result "0-1"]
[WhiteElo "2555"]
[BlackElo "2380"]
[PlyCount "92"]
[EventDate "1988.08.01"]
[EventType "swiss"]
[EventRounds "11"]
[EventCountry "GBR"]
[SourceTitle "BritBase12Sep20"]
[Source "John Saunders"]
[SourceDate "2020.09.12"]
[SourceVersion "1"]
[SourceVersionDate "2020.09.12"]
[SourceQuality "1"]

1. e4 d6 2. d4 Nf6 3. Nc3 g6 4. f4 Bg7 5. Nf3 O-O 6. Be2 c5 7. d5 e6 8. dxe6
Bxe6 9. O-O d5 10. e5 Ne8 11. Ng5 Nc6 12. Nxe6 fxe6 13. Bg4 Nc7 14. Ne2 Rf7 15.
Be3 Qe7 16. c3 Rd8 17. Qd2 b6 18. g3 a5 19. a4 Kh8 20. Kg2 Qd7 21. Bg1 Ne7 22.
b4 Qc6 23. bxc5 bxc5 24. Bf3 g5 25. Qe3 Na6 26. c4 Nf5 27. Qd2 Nb4 28. Rac1 g4
29. Bxg4 d4+ 30. Kh3 Qxa4 31. Ra1 Qb3 32. Rxa5 Ne3 33. Bxe3 dxe3 34. Qc3 Qxc3
35. Nxc3 Bxe5 36. Ne4 Bd4 37. Ng5 Rf6 38. Ra7 Nd3 39. Kg2 h6 40. Ne4 Rg6 41.
Be2 Nf2 42. Nd6 Rb8 43. Nb5 e5 44. fxe5 Bxe5 45. Rb1 Rbg8 46. Kf3 Rxg3+ 0-1